000 00636 a2200169 4500
001 143925
040 _cLeonardo Da Vinci
041 _aPortuguês
082 _a658.5 L612i
_bL612i
100 _aLEOPOLDINO, Ivone Alves Pereira
245 _aA influência positiva da logística no meio ambiente e na sustentabilidade
260 _c2008
_aOsasco
362 _a20080000
500 _aTrabalho de conclusão de curso (Administração de Empresas) - Faculdade Instituto Paulista de Ensino, 2008
_aOrientador: José Roberto Rogero
697 _aLogística
_aSustentabilidade
_aMeio ambiente
_aPreservação ambiental
_aFIPEN
942 _cBK
999 _c143925
_d143925